000
00320nam a22001457a 4500
008
210519b ||||| |||| 00| 0 eng d
020
_a
9781308492001
041
_a
eng
080
_a
573
082
_a
573
100
_a
11
101
_a
BIO
245
_a
Human Biology
_c
Cleveland State University
942
_2
udc
_c
BK
999
_c
57518
_d
57518